|
|
|
|
| LEADER |
00000cam a2200000 i 4500 |
| 001 |
1/35992 |
| 008 |
941103s19851990 eng d |
| 020 |
|
|
|a 0471925810
|c $60.00 (U.S.)
|
| 020 |
|
|
|a 0471906050
|
| 035 |
|
|
|l 10040121
|
| 035 |
|
|
|a 1987
|
| 035 |
|
|
|a 1991
|c ΔΑΡΖΕΝΤΑΣ
|
| 040 |
|
|
|a GR-MY-UA
|b gre
|e aacr
|
| 041 |
0 |
|
|a eng
|
| 082 |
0 |
|
|a 519.7
|2 (20)
|
| 100 |
1 |
|
|a Williams, H. P.
|
| 245 |
1 |
0 |
|a Model building in mathematical programming /
|c H.P. Williams
|
| 250 |
|
|
|a 3rd ed
|
| 250 |
|
|
|a 2nd ed
|
| 260 |
|
|
|a Chichester [England] :
|a New York :
|b Wiley,
|c c1985
|c c1990
|
| 300 |
|
|
|a 349 p.;
|b ill.;
|c 24 cm
|
| 300 |
|
|
|a xiv, 356 p.;
|
| 500 |
|
|
|a "A Wiley-Interscience publication."
|
| 504 |
|
|
|a Includes bibliographical references (p. 338-345) and indexes
|
| 650 |
0 |
0 |
|a Programming (Mathematics)
|
| 650 |
0 |
0 |
|a Mathematical models.
|
| 852 |
|
|
|a INST
|b SAMOS
|e 19941103
|h 519.7 WIL
|p 005300001140
|q 005300001140
|t BK
|y 0
|
| 852 |
|
|
|a INST
|b SAMOS
|e 19941103
|h 519.7 WIL
|p 005300003448
|q 005300003448
|t BK
|y 0
|
| 909 |
|
|
|a Σ
|b 021759
|
| 909 |
|
|
|a Σ
|b 008328
|